000 00501nam a22001697a 4500
005 20251108164247.0
008 250721s1997 xx 000 0 ara d
082 1 4 _a350,0009565/جود
100 1 _aجودة، محفوظ أحمد
245 1 0 _aالإدارة العامة و تطبيقاتها في الأردن /
264 1 _aعمان :
_bدار زهران،
_c1997.
300 _a224ص.
650 1 7 _aالإدارة العامة
650 1 7 _aالأردن
942 _2ddc
_cBK
999 _c7749
_d7749